| 000 | 00803nam a2200253Ia 4500 | ||
|---|---|---|---|
| 003 | GCL | ||
| 008 | 140319s9999 xx 000 0 ara d | ||
| 040 |
_aGCL / _cGCL |
||
| 082 | 0 | 4 |
_a330.94 _bم د |
| 100 | 1 | _aمحمد عبدالعزيز عجمية | |
| 245 | 1 | 0 |
_aدراسات فى التطور الاقتصادى / _cمحمد عبدالعزيز عجمية |
| 700 | 1 | _aمحمد محروس اسماعيل | |
| 260 |
_a[S.N] : _bمؤسسة شباب الجامعة ، _c1992 |
||
| 300 | _a318 ص | ||
| 490 | _a | ||
| 650 | 0 | 4 | _aمصر |
| 650 | 0 | 4 | _aتاريخ |
| 650 | 0 | 4 | _aالاحوال الاقتصادية |
| 650 | 0 | 4 | _aالتنمية الاقتصادية |
| 650 | 0 | 4 | _aالتضخم المالى |
| 650 | 0 | 4 | _aالتنمية الزراعية |
| 650 | 0 | 4 | _aاوربا |
| 942 |
_2ddc _cBK |
||
| 999 |
_c27829 _d27829 |
||